000 00420nam a2200181Ia 4500
001 4195
005 20260306145738.0
008 260306t2020||||xx |||||||||||||| ||spa||
041 _aESP
082 _a320
_bV23M
100 _aVallès, Josep M.
_eAUT
245 0 _aCiencia política:
_bun manual
260 _c2020
300 _a456 páginas :
_c24 cm.
650 _aGEN
654 _aCDE
942 _cLIB
_dJUS
_fJUS
_2ddc
_n
999 _c4195
_d4195